| 000 | 00523nam a2200169Ia 4500 | ||
|---|---|---|---|
| 003 | GCL | ||
| 008 | 140319s9999 xx 000 0 ara d | ||
| 040 |
_aGCL / _cGCL |
||
| 082 | 0 | 4 |
_a928.1 _bح ى |
| 100 | 1 | _aحسنى حسن | |
| 245 | 1 | 0 |
_aيقين الكتابة: ادوارد الخراط ومراياه المتكسرة / _cحسنى حسن |
| 300 | _a269 ص | ||
| 490 |
_aالهيئة العامة للاستعلامات _v0 |
||
| 650 | 0 | 4 | _aالادب العربى |
| 650 | 0 | 4 | _aالادب - نقد |
| 942 |
_2ddc _cBK |
||
| 999 |
_c50073 _d50073 |
||